000 00380 a2200169 4500
001 183257
020 _a
040 _cMagnum
100 _aAxline, Virginia M.
240 1 0 _aDibs: em busca de si mesmo
_lpor
245 1 0 _aDibs: em busca de si mesmo
300 _a201
362 0 _a1986
440 1 _aNova Fronteira
697 _aLITERATURA GERAL ESTRANGEIRA
942 _cBK
999 _c183257
_d183257